Great Football Players - Statistics

General Stats
  • This quiz has been taken 10 times
  • The average score is 18 of 35
Answer Stats
Hint Answer % Correct
One Of The World's Best (Portugese) Cristiano Ronaldo
100%
One Of The World's Best (Argentinian) Lionel Messi
100%
One Of The World's Best Strikers (Uruguayan) Luis Suarez
100%
One Of The World's Best Goalkeepers (French) Hugo Lloris
90%
One Of The World's Best Goalkeepers (German) Manuel Neuer
90%
One of The World's Best Wingers (Argentinian) Angel Di Maria
80%
One Of The World's Best Strikers (French) Antoine Griezmann
80%
One Of The Best English Strikers (Also Plays For Tottenham Hotspur) Harry Kane
80%
One Of The World's Best Wingers (Brazilian) Neymar
80%
One Of The World's Best Midfielders (Colombian) James Rodriguez
70%
One Of The World's Best Strikers (Argentinian) Sergio Aguero
70%
One Of The World's Best Midfielders (Spanish) Andres Iniesta
60%
One Of The Best English Talents (Plays For Tottenham Hotspur) Dele Alli
60%
One Of The World's Best Goalkeepers (Italian Legend) Gianluigi Buffon
60%
One Of The World's Best Goalkeepers (Spanish) David De Gea
50%
One Of The World's Best Young Strikers (French) Kylian Mbappe
50%
One Of The World's Best Defenders (Italian) Leonardo Bonucci
50%
One Of The World's Best Wingers (Gernan) Marco Reus
50%
Young Italian Goalkeeper Gianluigi Donnarumma
40%
One Of The World's Best Defenders (Italian And Plays For The Same Team As The Above) Giorgio Chiellini
40%
One Of The World's Best Defenders (German, Bayern Munich) Mats Hummels
40%
One Of The World's Best Strikers (Argentinian) Paulo Dybala
40%
One Of The World's Best Strikers Who Is Rumoured To Be Joining Manchester United(Spanish) Alvaro Morata
30%
One Of The World's Best Right Backs (Spanish) Hector Bellerin
30%
One Of The World's Best Young Goalkeepers (English) Jack Butland
30%
One Of The World's Best Midfielders (German, Famously played Fifa With KSI) Mesut Ozil
30%
One Of The World's Best Strikers (German) Thomas Muller
30%
One Of The World's Best Goalkeepers (Slovenian) Jan Oblak
20%
One Of The World's Best Young Players (Spanish) Marco Asensio
20%
One Of The World's Youngest Talents (English) Marcus Rashford
20%
One Of The World's Best Young Midfielders (Schalke And German) Max Meyer
20%
One Of The World's Best Left Midfielders (German) Julian Draxler
10%
One Of The World's Best Centre Midfielders (German) Julian Weigel
10%
One Of The World's Youngest Talents (Nigerian) Kelechi Iheanacho
10%
One Of The World's Best Young Midfielders (English) Ross Barkley
10%
No matching quizzes found
Score Distribution
Percent of People with Each Score
Percentile by Number Answered
Your Score History
You have not taken this quiz